000 00986nam0a2200277 4500
001 RU\NLR\BIBL_A\022687878
005 20251221045438.0
035 _a(NLR Aleph) 022687878
090 _a13505480
_c13505480
100 _a20251215d1875 m y0rusy50 ca
101 1 _alit
_cger
102 _aRU
105 _ay z 000 y
181 0 _ai
_baxxe
182 0 _an
200 1 _aEryczu du
_epaweikslas pagal Diewo zodi wisiems krikszczioniems ant nobaźno apdumojimo
_fisz wokiszkos kalbos pérwerstas nů Jurgio Meszkatczio
203 _aТекст
_bвизуальный
_cнепосредственный
210 _aTilžej
_cDrukawojams ir gaunamas pas knygû-drukoru J. Reylenderį ir sunų
_d[1875]
215 _a28 p.
_d13
541 1 _a[Два агнца]
_zrus
606 1 _aМолитвы католические
_91604536
_3RU\NLR\AUTH\66706530
686 1 _aЭ375-5
702 1 _aMeškaitis
_bJ.
_f1801-1876
_gJurgis
_4730
942 _cBOOK
980 _aNB